=LDR 00000nam 2200000 4500 =001 INLIS000000000004436 =005 20130612092713 =008 ***********************************Ind** =035 ##$$0010-061300000004436 =041 ##$$a Ind =082 ##$$a F Rom K =090 ##$$a F Rom K, Ws p =100 ##$$a WEST, Tracey =245 ##$$a Pokemon serangan pokemon purba / Tracey West =260 ##$$a 2001 $b Jakarta : Panda Books =300 ##$$a 74 hlm. : ilus. ; 18 cm =650 ##$$a Fiksi Kanak-Kanak =850 ##$$a NBPNMAT